Điện tử kỹ thuật số : Phương pháp thực hành /

Na minha lista:
Detalhes bibliográficos
Autor principal: Kleitz, William
Formato: Livro
Idioma:Vietnamese
Publicado em: TKE 2003
Tags: Adicionar Tag
Sem tags, seja o primeiro a adicionar uma tag!
Thư viện lưu trữ: Mạng thư viện Đại học Đà Nẵng
LEADER 00668nam a2200265 4500
001 000027625
003 KL-WD
005 20150403120000.0
008 150403s vm 000 vie
020 |c 0,0000 
040 |a notts 
100 |a Kleitz, William 
245 |a Điện tử kỹ thuật số : Phương pháp thực hành /  |c William Kleitz ; Nguyễn Ngọc Tuấn dịch. 
260 |b TKE  |c 2003 
OWN |a LTT 
999 |a From the UDN01 
TYP |a Monograph 
TYP |a Printed language 
980 |a Mạng thư viện Đại học Đà Nẵng